00369nam a2200121Ia 4500003000400000005001700004008004100021040001800062041000800080100004500088245008000133260003400213OSt20260331153851.0211028s2011 xx 000 0 und d cAIMIT LIBRARY aeng aKenyoot A, Viviyan;Dhananjaya K.g916079 aTo analyze the market potential of ceramic tiles at HH ceramics Mangalore / aMangalorebDhananjaya Kc2011